000 00278nam a2200121Ia 4500
008 190216s9999||||xx |||||||||||||| ||und||
100 _aJacob Baker R
245 0 _aCmos Mixed Signal Circuit Design
260 _bWiley India
300 _a501
650 _aPhysics
942 _cBK
999 _c34163
_d34163